Théorie nouvelle de la vie / (Record no. 178926)
[ view plain ]
| 000 -LEADER | |
|---|---|
| campo de control de longitud fija | 00739namaa2200217 i 4500 |
| 001 - NÚMERO DE CONTROL | |
| campo de control | 178926 |
| 003 - IDENTIFICADOR DE NÚMERO DE CONTROL | |
| campo de control | ES-MaACL |
| 005 - FECHA Y HORA DE LA ÚLTIMA TRANSACCIÓN | |
| campo de control | 20250808011059.0 |
| 008 - DATOS DE LONGITUD FIJA--INFORMACIÓN GENERAL | |
| campo de control de longitud fija | 110810s1904 fr | |||| ||fre d |
| 080 ## - NÚMERO DE LA CLASIFICACIÓN DECIMAL UNIVERSAL | |
| Número de la Clasificación Decimal Universal | 573 |
| 100 1# - ENTRADA PRINCIPAL--NOMBRE DE PERSONA | |
| Nombre de persona | Le Dantec, Félix. |
| 9 (RLIN) | 70865 |
| 245 10 - MENCIÓN DEL TÍTULO | |
| Título | Théorie nouvelle de la vie / |
| Mención de responsabilidad, etc. | par Félix Le Dantec. |
| 250 ## - MENCION DE EDICION | |
| Mención de edición | 3ém. ed. rev. |
| 260 ## - PUBLICACIÓN, DISTRIBUCIÓN, ETC. | |
| Lugar de publicación, distribución, etc. | Paris : |
| Nombre del editor, distribuidor, etc. | Ancienne Librairie Germer Baillière et Cª : |
| -- | Felix Alcan, Editeur, |
| Fecha de publicación, distribución, etc. | 1904. |
| 300 ## - DESCRIPCIÓN FÍSICA | |
| Extensión | 323 p. : |
| Otras características físicas | il. ; |
| Dimensiones | 22 cm. |
| 490 1# - MENCIÓN DE SERIE | |
| Mención de serie | Bibliothèque scientifique internationale ; |
| Designación de volumen o secuencia | 83 |
| 650 #7 - PUNTO DE ACCESO ADICIONAL DE MATERIA--TÉRMINO DE MATERIA | |
| Término de materia o nombre geográfico como elemento de entrada | Vida (Biología) |
| Fuente del encabezamiento o término | embne |
| 9 (RLIN) | 136981 |
| 830 0# - PUNTO DE ACCESO ADICIONAL DE SERIE-TÍTULO UNIFORME | |
| Título uniforme | Bibliothèque scientifique internationale ; |
| Designación de volumen o secuencia | 83 |
| 9 (RLIN) | 186949 |
| 852 ## - LOCALIZACIÓN | |
| Ubicación | ES-MaACL |
| Número de control de estantería | F-14412 |
| Estatus retirado | Estado de pérdida | Estado de daño | No para préstamo | Biblioteca de origen | Biblioteca actual | Ubicación en estantería | Fecha de adquisición | Fuente de adquisición | Total de préstamos | Signatura topográfica completa | Código de barras | Visto por última vez | Precio de reemplazo | Tipo de ítem Koha |
|---|---|---|---|---|---|---|---|---|---|---|---|---|---|---|
| Biblioteca del Ateneo de Madrid | Biblioteca del Ateneo de Madrid | Sala Pecera Planta 2 | 10/08/2011 | F-14412 | 1187951 | 23/02/2023 | 23/02/2023 | Libro impreso |
